| 000 | 00465nam a22001577a 4500 | ||
|---|---|---|---|
| 005 | 20231212145941.0 | ||
| 008 | 231212b |||||||| |||| 00| 0 eng d | ||
| 020 | _a978-1-84390-984-2 | ||
| 082 |
_a657.02 _bLYN |
||
| 100 | _aLynch, Foulks | ||
| 245 |
_aCAT Introductory Level Paper 1 UK & INT. Recording Financial Transactions _bStudy Text 2007/08 |
||
| 260 |
_aUK _bKaplan Publishing _c2007 |
||
| 300 |
_a344 _bxiv |
||
| 650 | _aManagement/Accounting | ||
| 999 |
_c34905 _d34905 |
||